| 000 | 01022cam a22002895a 4500 | ||
|---|---|---|---|
| 001 | 016099841 | ||
| 003 | OSt | ||
| 005 | 20160608120045.0 | ||
| 008 | 120601s2012 enka frb 001 0 eng d | ||
| 020 | _a1780322240 (hbk.) | ||
| 020 | _a9781780322247 (hbk.) : | ||
| 020 | _a9781780322230 (pbk.) | ||
| 043 | _aaw----- | ||
| 082 | 0 | 4 |
_a321.0940956 _bDAB _222 |
| 100 | 1 |
_aDabashi, Hamid, _d1951- _932340 |
|
| 245 | 1 | 4 |
_aThe Arab Spring : _bthe End of Postcolonialism / _cHamid Dabashi. |
| 260 |
_aLondon : _bZed Books, _c2012. |
||
| 300 |
_axxi, 272 p. ; _c23 cm. |
||
| 504 | _aIncludes bibliographical references and index. | ||
| 650 | 0 |
_aPolitical participation _zMiddle East. _932341 _2BUEsh |
|
| 650 | 0 |
_aPostcolonialism _zMiddle East. _932342 _2BUEsh |
|
| 650 | 0 |
_aGovernment, Resistance to _zMiddle East. _932343 _2BUEsh |
|
| 651 | 0 |
_aMiddle East _xPolitics and government _y1979- _932344 _2BUEsh |
|
| 651 | 0 |
_aMiddle East _xCivilization _y21st century. _932345 _2BUEsh |
|
| 653 |
_bBUSBOL _cFebruary2013 |
||
| 942 |
_2ddc _cBB |
||
| 999 |
_c17211 _d17183 |
||